000
00501nam a2200169Ia 4500
008
110201s9999 xx 000 0 und d
082
_b
B6609
_a
K 2164
100
_a
काळे वैजयंती
245
_a
सापशिडी
260
_b
दिलीप प्रकाशन
365
_b
55
600
_a
काळे वैजयंती
630
_a
सापशिडी
700
_a
काळे वैजयंती
730
_a
सापशिडी
942
_c
BOOK
999
_c
832212
_d
832209